000 01332cad a22002655a 4500
001 L156531
008 120601s2012 xxk 000 0 eng d
035 _a(Sirsi) u156531
041 0 _aeng
110 2 _aCBRE
245 0 0 _aAsia Pacific viewpoint
_bretail sector trends Q1 2012
_h[electronic resource]
260 _a[S.l.]
_bCBRE
_c2012
490 0 _aCBRE Asia Pacific Viewpoint Retail Sector Trends
_vQ1 2012
520 _aCovers retail sector developments in Hong Kong, China, Japan, Singapore, India, and Australia. Retailers continued to expand in Q1 2012 despite slower retail sales growth and more subdued consumer sentiment. Fast fashion and luxury goods retailers continue to drive demand. Established brands expanded to suburbs and tier-II cities in China. In Hong Kong international retailers are winning the battle for best space but new prime retail supply remains limited. Australian consumers' appetite for online shopping is increasing on the back of a strong Australian dollar.
590 _aKA
651 4 _aHong Kong
651 4 _aChina
651 4 _aJapan
651 4 _aSingapore
651 4 _aIndia
651 4 _aAustralia
690 _aCommercial property
_96227
856 4 0 _uhttps://www.cbre.eu/portal/pls/portal/res_rep.show_report?report_id=1802
_zView the report at www.cbre.eu
942 _n0
999 _c84058
_d84058